000
00274nam a22001217a 4500
008
210301b ||||| |||| 00| 0 eng d
041
_a
eng
080
_a
62
100
_a
26
101
_a
MEK
245
_a
Fire fighting/principles & practices
_c
Clark,F.J
942
_2
udc
_c
BK
999
_c
55387
_d
55387